Civil Prakriya Sanhita (Record no. 1238223)
[ view plain ]
| 000 -LEADER | |
|---|---|
| fixed length control field | 00434nam a22001457a 4500 |
| 008 - FIXED-LENGTH DATA ELEMENTS--GENERAL INFORMATION | |
| fixed length control field | 250121b |||||||| |||| 00| 0 eng d |
| 082 ## - DEWEY DECIMAL CLASSIFICATION NUMBER | |
| Classification number | Z,7,11 152Q14;4 |
| 100 ## - MAIN ENTRY--PERSONAL NAME | |
| Personal name | Tripathi, T. P. |
| 245 ## - TITLE STATEMENT | |
| Title | Civil Prakriya Sanhita |
| Statement of responsibility, etc. | by T. P. Tripathi |
| 250 ## - EDITION STATEMENT | |
| Edition statement | 26th |
| 260 ## - PUBLICATION, DISTRIBUTION, ETC. | |
| Place of publication, distribution, etc. | Allahabad |
| Name of publisher, distributor, etc. | Central Law Publishing |
| Date of publication, distribution, etc. | 2024 |
| 300 ## - PHYSICAL DESCRIPTION | |
| Extent | XLiii, 535p. |
| 942 ## - ADDED ENTRY ELEMENTS (KOHA) | |
| Source of classification or shelving scheme | Colon Classification (CC) |
| Classification part | Z,7,11 |
| Item part | 152Q14;4 |
| Call number prefix | LCT |
| Withdrawn status | Lost status | Source of classification or shelving scheme | Damaged status | Not for loan | Home library | Current library | Date acquired | Cost, normal purchase price | Total Checkouts | Full call number | Barcode | Date last seen | Copy number | Price effective from | Koha item type | Date last checked out |
|---|---|---|---|---|---|---|---|---|---|---|---|---|---|---|---|---|
| Colon Classification (CC) | Law Centre-II Library | Law Centre-II Library | 2025-01-21 | 390.00 | Z,7,11 152Q14;4 | LT0025261 | 2025-01-21 | 1 | 2025-01-21 | General Books | ||||||
| Colon Classification (CC) | Law Centre-II Library | Law Centre-II Library | 2025-01-21 | 390.00 | Z,7,11 152Q14;4 | LT0025262 | 2025-01-21 | 2 | 2025-01-21 | General Books | ||||||
| Colon Classification (CC) | Law Centre-II Library | Law Centre-II Library | 2025-01-21 | 390.00 | Z,7,11 152Q14;4 | LT0025263 | 2025-01-21 | 3 | 2025-01-21 | General Books | ||||||
| Colon Classification (CC) | Law Centre-II Library | Law Centre-II Library | 2025-01-21 | 390.00 | 1 | Z,7,11 152Q14;4 | LT0025264 | 2025-07-08 | 4 | 2025-01-21 | General Books | 2025-07-08 | ||||
| Colon Classification (CC) | Law Centre-II Library | Law Centre-II Library | 2025-01-21 | 390.00 | Z,7,11 152Q14;4 | LT0025265 | 2025-01-21 | 5 | 2025-01-21 | General Books |
